Man the Maker: A History of Technology and Management (Record no. 775)

000 -LEADER
fixed length control field 00408nam a2200145 4500
008 - FIXED-LENGTH DATA ELEMENTS--GENERAL INFORMATION
fixed length control field 191218b ||||| |||| 00| 0 eng d
082 00 - DEWEY DECIMAL CLASSIFICATION NUMBER
Classification number 609
Item number F6926
100 ## - MAIN ENTRY--PERSONAL NAME
9 (RLIN) 299
Personal name Forbes, R. J.
245 10 - TITLE STATEMENT
Title Man the Maker: A History of Technology and Management
250 ## - EDITION STATEMENT
Edition statement 1st ed.
260 ## - PUBLICATION, DISTRIBUTION, ETC. (IMPRINT)
Place of publication, distribution, etc London
Name of publisher, distributor, etc Constable & Company Limited
Date of publication, distribution, etc 1950
300 ## - PHYSICAL DESCRIPTION
Extent 355 p.
650 #0 - SUBJECT ADDED ENTRY--TOPICAL TERM
Topical term or geographic name as entry element Engineering
942 ## - ADDED ENTRY ELEMENTS (KOHA)
Source of classification or shelving scheme
Item type Books
Holdings
Withdrawn status Lost status Source of classification or shelving scheme Damaged status Not for loan Permanent location Current location Date acquired Full call number Barcode Date last seen Koha item type
          IMU Kolkata IMU Kolkata 1952-10-10 609 F6926 00255 2019-12-18 Books
          IMU Kolkata IMU Kolkata 1952-10-10 609 F6926 00256 2019-12-18 Books
          IMU Kolkata IMU Kolkata 1952-10-10 609 F6926 00257 2019-12-18 Books
Designed and Maintained by IMU-KC Library, Kolkata Campus © Copyright All Rights Reserved

webs counters

Powered by Koha